Loading...
| Social Science | 2 | 2 | 0 | 0 | 50 | 63 | 72.25 | 3 | 4 |
| Auditory Arts | 1 | 2 | 0 | 0 | 35 | 50 | 93.00 | 3 | 3 |
| Science - Chemistry | 0 | 3 | 0 | 2 | 30 | 90 | 111.67 | 0 | 3 |
| Science - Biology | 0 | 3 | 2 | 1 | 20 | 85 | 100.67 | 2 | 3 |
| Beliefs | 0 | 2 | 0 | 2 | 20 | 120 | 128.00 | 0 | 2 |
| Current Events | 1 | 0 | 0 | 0 | 15 | 52 | 52.00 | 1 | 1 |
| Literature - British Literature | 0 | 1 | 0 | 0 | 10 | 116 | 116.00 | 0 | 1 |
| Literature - World Literature | 0 | 1 | 0 | 0 | 10 | 114 | 114.00 | 0 | 1 |
| Other Academic | 0 | 1 | 0 | 0 | 10 | 82 | 82.00 | 0 | 1 |
| History - Ancient History | 0 | 1 | 0 | 0 | 10 | 137 | 137.00 | 0 | 1 |
| Geography | 0 | 1 | 0 | 0 | 10 | 81 | 81.00 | 0 | 1 |
| Fine Arts - Other Arts | 0 | 1 | 0 | 0 | 10 | 79 | 79.00 | 1 | 1 |